[Event "YUG-ch"]
[Site "Tivat"]
[Date "1994.??.??"]
[Round "?"]
[White "Abramovic, Bosko"]
[Black "Drasko, Milan"]
[Result "0-1"]
[WhiteElo "2500"]
[BlackElo "2545"]
[Annotator "Horn,Pe"]
[PlyCount "110"]
[EventDate "1994.03.??"]
[EventType "tourn"]
[EventRounds "13"]
[EventCountry "YUG"]
[EventCategory "10"]
[SourceTitle "CBM 043"]
[Source "ChessBase"]
[SourceDate "1994.12.01"]
[SourceVersion "1"]
[SourceVersionDate "1994.12.01"]
[SourceQuality "1"]

1. Nf3 d5 2. g3 c6 3. Bg2 Bg4 4. d3 Nd7 5. Nbd2 e6 6. e3 $5 {Very early:/\Qe2}
Bd6 7. Qe2 Ne7 (7... Ngf6 8. h3 Bh5 9. e4 $36) 8. h3 Bh5 9. g4 $6 (9. O-O {
/\e4,b3}) 9... Bg6 10. Nh4 Qa5 $1 11. c3 (11. O-O h5 12. g5 Qa4 $1 {Exellent
play against the White s weak points (h4,c2,d3)} 13. Ndf3 (13. c4 Qc2 $15)
13... e5 14. b3 Qa6 {/\ e4=}) 11... Qa6 12. Nxg6 hxg6 (12... Nxg6 13. h4 Nge5
14. d4 Nd3+ 15. Kf1 $14) 13. Nb3 $6 (13. d4 $142) 13... e5 14. f4 $6 f5 $1 $15
15. Bd2 (15. fxe5 Nxe5 16. d4 Qxe2+ 17. Kxe2 Nd7 $15) 15... O-O-O 16. Bf1 Rde8
17. Qg2 exf4 18. exf4 Qa4 19. d4 fxg4 $6 (19... c5 $1 20. dxc5 Nc6+ {/\ Bf4-/+}
) 20. O-O-O $1 c5 (20... Qxa2 $2 21. Kc2 Ba3 22. Rb1 {/\ Nc1+-}) (20... gxh3
21. Rxh3 Nf6 $13) 21. Nxc5 (21. Kb1 $2 c4 $19) 21... Nxc5 22. dxc5 Bxc5 23.
Qxg4+ Kb8 24. Bd3 (24. Kb1 $2 Qe4+) (24. a3 $142 $5) 24... Qxa2 25. Bb1 (25.
Bxg6 $142) 25... Qa1 26. Rhe1 Rc8 27. Qd7 Rhd8 28. Qb5 Nf5 $17 29. Qb3 d4 30.
Qa2 Qxa2 31. Bxa2 dxc3 32. bxc3 Ba3+ 33. Kb1 Rc6 34. Bb3 Rcd6 35. Ka2 (35. Kc2
Bc5 36. Bc1 Rxd1 37. Rxd1 Rxd1 38. Kxd1 Be3 $19) 35... Bc5 36. Bc1 Rxd1 37.
Bxd1 Rd3 $19 38. Bb2 Rxh3 39. Re6 Rg3 40. Bb3 Kc7 41. Re8 b5 42. Bd5 Ne7 43.
Be4 Re3 44. Bb1 a5 45. c4 bxc4 46. Be5+ Kd7 47. Ra8 Re2+ 48. Ka1 Nc6 49. Bxg7
Bd4+ 50. Bxd4 Nxd4 51. Bxg6 c3 52. Kb1 Rb2+ 53. Kc1 Nb3+ (53... Rg2 $19) 54.
Kd1 Rd2+ 55. Ke1 c2 0-1

[Event "Veterans-Women"]
[Site "Copenhagen"]
[Date "1997.??.??"]
[Round "1"]
[White "Hort, Vlastimil"]
[Black "Zhu, Chen"]
[Result "1/2-1/2"]
[WhiteElo "2510"]
[BlackElo "2515"]
[Annotator "Horn,Pe"]
[PlyCount "93"]
[EventDate "1997.07.23"]
[EventType "schev"]
[EventRounds "10"]
[EventCountry "DEN"]
[SourceTitle "CBM 061"]
[Source "ChessBase"]
[SourceDate "1997.11.23"]
[SourceVersion "1"]
[SourceVersionDate "1997.11.23"]
[SourceQuality "1"]

1. Nf3 d5 2. g3 c6 3. Bg2 Nf6 4. d3 Bf5 5. Nbd2 h6 6. b3 e6 7. Bb2 Bh7 8. e3
Nbd7 {Modern ist es, die Entwicklung des Nb8 zu verzögern; erst entwickelt
Schwarz den Königsflügel. Häufig greift der Nb8 nach Pa5 über a6 ins Spiel ein.
} 9. Qe2 Be7 10. e4 O-O 11. O-O b5 $146 (11... a5 {die übliche Fortsetzung} 12.
a4 (12. e5 Ne8 13. a4 Nc7 14. Rfe1 Nb8 15. Nd4 c5 16. Nb5 Nc6 17. c3 Qd7 18. f4
Rad8 19. Nf3 b6 20. Rad1 Rfe8 $132 {Liavdansky-Zakharov/URS-ch/1965}) (12. a3
Nc5 (12... Qb6 13. Kh1 (13. e5 Ne8 14. a4 Nc7 15. Kh1 Qa6 16. Bh3 b5 17. Nh4 c5
18. Ng2 c4 $132 {Nikolaevsky-Sakharov/USSR/1968}) 13... Qa6 14. Ng1 Rad8 15. e5
Ne8 16. f4 a4 17. g4 axb3 18. Nxb3 Nc7 19. f5 exf5 20. gxf5 f6 21. e6 Nb6 22.
Qg4 Kh8 23. a4 Rg8 24. Nf3 $40 {Ivkov-Brkljaca/Belgrade GMA-op/1988}) (12... b5
13. Ne5 Nxe5 14. Bxe5 Nd7 15. Bb2 Bf6 16. e5 Be7 17. f4 {1/2-1/2 Tukmakov,
V-Vaganian,R/URS-ch38 Riga 1970}) 13. e5 (13. Rad1 Nfd7 14. a4 Bf6 15. Ba3 Re8
16. Qe3 Na6 17. e5 Be7 18. Bb2 Nb4 19. Ne1 b5 20. Ra1 Qb6 21. Bd4 Qc7 22. Bb2
bxa4 23. Rxa4 Nb6 24. Ra1 c5 25. c3 Nc6 26. Nef3 a4 $17 {Bronstein-Bagirov/
URS-ch27/Leningrad 1960}) (13. Ne5 Qb6 14. Rae1 Rad8 15. Kh1 Qb5 16. exd5 cxd5
17. f4 Ncd7 18. Nef3 Qb6 19. Nd4 $14 {Espig-Meduna/Leipzig/1980}) 13... Nfd7
14. Nd4 Qb6 15. a4 (15. Rae1 Na6 16. a4 Nb4 17. Qd1 Nc5 18. Ba1 Ncxd3 19. cxd3
Bxd3 $44 {Ivarsson-Meduna/Prag/1979}) 15... Na6 16. Bh3 Nc7 17. Kh1 Qa6 18. f4
c5 19. N4f3 b5 20. axb5 Qxb5 21. Nb1 $14 {Polugaevsky-Langeweg/Amsterdam/1972})
12... Qb8 (12... Qb6 13. e5 (13. Kh1 Qa6 (13... Rae8 $2 14. e5) (13... Rfd8 14.
Ne5 $6 Nxe5 15. Bxe5 Qc5 16. Rac1 dxe4 $15 {Satta-Milov/Paris-op/1993}) 14. e5
Ne4 $1 15. Nd4 Nxd2 16. Qxd2 b5 17. f4 Bc5 18. g4 Qb6 $13 {
Vladimirov-Petrosian/Alma-Ata/1977}) 13... Ne8 14. Bh3 (14. Kh1 Nc7 15. Ne1 Qa6
16. f4 b5 17. g4 f6 (17... c5 18. f5 c4 19. axb5 cxd3 20. Nxd3 Qxb5 21. f6 $16
{Gofstein-Buturin/Ukraine/1978}) 18. exf6 Bxf6 19. Bxf6 Rxf6 20. g5 hxg5 21.
fxg5 Rxf1+ 22. Nxf1 $11 {Quinteros-Kuzmin/Leningrad izt/1973}) 14... Nc7 15.
Kh1 Rae8 (15... Qa6 $5 {[%cal Yb7b5]}) 16. Nh4 {[%cal Yf2f4]} f6 (16... Bxh4 $2
17. gxh4) 17. exf6 Bxf6 18. Bxf6 Rxf6 19. f4 $16 {Kortschnoj-Reshevsky/
Amsterdam ct/1968}) (12... Ne8 13. Kh1 Bf6 14. e5 Be7 15. Nd4 Nc7 16. f4 c5 17.
N4f3 Nb8 18. g4 Nc6 19. Rg1 Nb4 20. Nf1 c4 21. Rd1 cxd3 22. cxd3 Nca6 23. Ng3
Rc8 24. f5 $14 {Bleiman-Czerniak/Beersheba/1976}) (12... Nc5 13. e5 Nfd7 (13...
Ne8 14. Nd4 Na6 15. Kh1 Nb4 16. Rac1 Na2 17. Rcd1 Nb4 18. Nb1 Nc7 19. Na3 Qd7
20. f4 c5 21. Ndb5 $14 {Bassler-Heimerl/BL/1982}) 14. Nd4 Na6 15. f4 c5 16. Nb5
Nb4 17. Rac1 Nb6 18. Nf3 Qd7 19. Kh1 Rac8 20. g4 Rfd8 21. Rfd1 Qe8 22. Qf2 Qf8
23. Bh3 c4 {Dunnington-Astolfi/Cappelle op/1994}) 13. Kh1 Rc8 14. Nh4 b5 15. f4
bxa4 16. Rxa4 Nc5 17. Ra2 dxe4 18. dxe4 Qb5 19. c4 Qb7 $132 {
Polugaevsky-Spassky/Soci/1966}) (11... Qa5 $6 12. a3 Rad8 13. Rfd1 Qa6 14. e5
Ne8 15. Nf1 Nc7 16. Rd2 Nb5 17. c4 Nc7 18. b4 Qa4 $11 {Weindl-Blatny/Kecskemet/
1992}) 12. Kh1 {Ein Standardzug in diesen Stellungen: damit soll ein Vorgehen
am Königsflügel vorbereitet werden: nach f4 steht der K nicht mehr in einer
gefährdeten Diagonale. Außerdem wird das Feld g1 zum Manövrieren frei.} (12. e5
Ne8 {[%csl Gh7][%cal Yc6c5,Yc5c4,Ye8c7]}) 12... a5 13. a4 {Weiß möchte zu
Recht a5-a4 nicht zulassen.} bxa4 14. e5 $1 (14. Rxa4 Nb6 {bei gelegentlichem
Pe5 kann der Nf6 jetzt nach d7 ausweichen}) 14... Ne8 15. Rxa4 {[%csl Ra5]
[%cal Yf1a1]} Nb6 16. Ra2 a4 {möchte die Schwäche (Pa5) auflösen.} 17. Rfa1 Rb8
(17... axb3 18. Rxa8 Nxa8 19. Nd4 $5 $36 (19. Nxb3 $14)) 18. bxa4 Nxa4 19. Bd4
$14 {Weiß hat den Pc6 hinten gehalten und hat am Damenflügel ein leichtes
Übergewicht. Andererseits fällt es schwer, dort Angriffsobjekte zu finden.} Nc5
(19... Nb6 20. Qe3 $16) 20. Qe3 (20. Ra5 Nd7) 20... Nd7 21. Nb3 Nc7 {[%cal
Yc7b5]} 22. Ba7 (22. Na5 c5 23. Bb2 Rb6 $14) 22... Rc8 23. Nc5 $6 {In
Stellungen mit räumlichem Übergewicht tauscht man an sich nicht so gern
Figuren, da man damit rechnet, daß das den Verteidiger entlastet.} (23. Nfd4
Nb5 24. Nxb5 cxb5 25. Bd4 $14) (23. c4 $14 {natürlich stärkt das den Bh7, aber
dafür hält der weiße Druck an.}) 23... Ra8 (23... Nb5 24. Nxd7 Qxd7) 24. Nxd7 (
24. Nb7 {Vielleicht war dieser Zug geplant; er scheint aber nichts
einzubringen.} Qc8 25. Nd6 (25. Na5 Nb5) 25... Bxd6 26. exd6 Ne8 $132) 24...
Qxd7 25. Bc5 Rxa2 26. Rxa2 Ra8 27. Rxa8+ Nxa8 {auch mit dem reduzierten
Material muß Schwarz hier noch sorgfältig zu Werke gehen: so ist nach einem
Tausch auf c5 der Pc6 hinüber.} 28. Nd2 (28. Bxe7 Qxe7 29. Nd2 $11) 28... Bd8
$1 (28... Nc7 29. Bxe7 Qxe7 30. Qa7 $14) 29. Nb3 Qb7 30. Qd4 Bg6 31. Bf3 Qa6
32. Kg2 Nb6 $11 33. Qb4 Nd7 34. Bd4 Bc7 35. Nc5 Nxc5 36. Qxc5 Qb7 37. h4 h5 38.
Qe7 Qb8 39. Qg5 Bd8 40. Qe3 Qb1 41. Qd2 Qb5 42. Qc3 Be7 43. Qb2 Qxb2 44. Bxb2
Kf8 45. Kf1 Ke8 46. Ke2 Kd7 47. Kd2 1/2-1/2

[Event "Bad Homburg"]
[Site "Bad Homburg"]
[Date "1997.07.29"]
[Round "4"]
[White "Hickl, Joerg"]
[Black "Dautov, Rustem"]
[Result "1/2-1/2"]
[WhiteElo "2565"]
[BlackElo "2595"]
[Annotator "Horn,Pe"]
[PlyCount "119"]
[EventDate "1997.07.26"]
[EventType "tourn"]
[EventRounds "9"]
[EventCountry "GER"]
[EventCategory "14"]
[SourceTitle "CBM 060"]
[Source "ChessBase"]
[SourceDate "1997.09.29"]
[SourceVersion "1"]
[SourceVersionDate "1997.09.29"]
[SourceQuality "1"]

1. g3 d5 2. Bg2 Nf6 3. Nf3 c6 4. b3 Bg4 5. Bb2 e6 6. d3 Bd6 7. O-O O-O 8. Nbd2
Nbd7 9. a3 $146 {Hickl hat eine große Erfahrung mit diesem Stellungstyp. a3
ist ein Zug, der die Karten noch nicht aufdeckt: Schwarz muß immer noch mit
c2-c4 (Reti) und e4 (Königsindischer Angriff) rechnen. Er wird notwendig, wenn
Schwarz Qe7 gezogen hat, um Ba3 zu verhindern.} b5 {Das Zugpaar a3+b5 gibt der
Partie jetzt seine spezielle Note.} 10. h3 Bh5 11. Qe1 {Entscheidet sich
endgültig für den Königsindischen Angriff.} Re8 12. e4 e5 13. Nh4 Nc5 (13...
Bc5 $5) 14. Nf5 dxe4 {Der übliche Reflex wäre hier, den Bd6 wegzuziehen.} (
14... Bc7 15. f4 $5 {Zu der Partie Jansa-Keene (Aarhus 1983) hat man hier die
zusätzlichen Züge a3+b5. M.E. kommt das eher Weiß zugute: bei einer Öffnung
des Zentrums schränkt die Schwäche auf c6 die schwarzen Möglichkeiten ein.}) (
14... Bf8) 15. Nxe4 (15. Nxd6 {Der Tausch bringt Weiß nichts ein: der Bd6 ist
eine passive, der Nf5 eine aktive Figur.} Qxd6) 15... Nfxe4 16. dxe4 {[%cal
Rg3g4]} Bf8 (16... Bc7 17. Qc3 (17. f4 $5) 17... Bb6 18. a4) 17. a4 a6 18. axb5
axb5 19. Rxa8 Qxa8 20. Qc3 $14 {[%csl Gf5] Weiß hat einen minimalen Vorteil
behauptet: der größte Aktivposten ist der Nf5, dem nur langfristig sein
stolzer Posten streitig gemacht werden kann.} f6 {Damit hat Schwarz ein
wesentliches Ziel der Verteidigung erreicht. Der Pe5, gegen den sich das weiße
Spiel richtet, ist zuverlässig befestigt und der Bh5 kann bei Bedarf in andere
Gegenden überführt werden.} 21. Bc1 {[%cal Yc1e3]} (21. Ra1 Qb7) 21... Qb7 22.
Be3 b4 23. Qd2 Qb8 24. Ra1 Rd8 25. Qe1 Rd7 26. Qf1 {[%cal Re3c5]} Bf7 27. Qe2
Be6 28. h4 Ra7 29. Rd1 Rd7 30. Rxd7 Nxd7 $8 31. Qa6 Qc7 32. Bf1 {[%cal Yf1c4]}
Nc5 (32... Nb8 $5 33. Qa8 (33. Qa7 Qxa7 34. Bxa7 Nd7 $11) 33... g6) 33. Bxc5
Bxc5 34. Bc4 Qd7 35. Bxe6+ Qxe6 36. Qb7 {[%csl Rg7]} Bf8 37. h5 $1 $14 {
[%csl Gb7,Gf5] Wegen der aktiven Figuren muß der Schwarze hier um das Remis
kämpfen.} (37. Kf1 g6 38. Ne3 Bc5 $11 (38... f5 $5)) 37... g6 (37... Qe8) 38.
hxg6 hxg6 39. Nh4 f5 (39... Qd6 $2 40. Kg2 (40. Nxg6 Qd1+ 41. Kg2 Qxc2 $11)
40... Qc5 41. Qd7 (41. Nxg6 Qxc2 $11) 41... Qxc2 42. Qg4 Bg7 43. Qxg6 c5 44.
Qg4 $40) 40. Nf3 Qf6 (40... fxe4 $142 41. Ng5 Qe7 42. Qxe7 Bxe7 43. Nxe4 $14 {
Der weiße Vorteil ist kaum zu realisieren.}) 41. Qa6 (41. Qb8 $5 fxe4 42. Nxe5
e3 $1 43. fxe3 (43. f4 Qe6 $11) 43... Qg5 44. Kf2 (44. Nc4 Qg4 $11) 44... Qf5+
45. Ke1 Qxc2 46. Qe8 Qc1+ $11) 41... Kg7 (41... fxe4 $2 42. Qc4+ $16) 42. Qe2
$2 {überraschend und unnötig passiv} (42. exf5 gxf5 43. Qc8 {[%cal Rc8c7]} Be7
(43... Kg8 44. Qe8 e4 45. Nh4 $36 (45. Ne5 $5)) 44. Nh4 f4 45. Nf5+ Kf7 46.
Nxe7 Kxe7 47. Qb7+ $16 {[%cal Yb7b4]}) 42... f4 43. Kg2 (43. gxf4 Qxf4 44. Ne1
Be7) 43... fxg3 44. fxg3 Be7 45. Qc4 $14 {Die Remisbreite ist nicht
überschritten.} Qd6 46. Kf1 Bf6 47. Ke2 Be7 48. Ne1 Kf8 49. Nd3 Kg7 50. Nf2 Bg5
51. Qd3 Qe6 52. Kf3 Qf6+ 53. Kg2 Qe6 54. Qd1 Be3 55. Nd3 c5 56. Qe2 Bd4 57. Ne1
Qc8 58. Nf3 Qa8 59. Nh4 Qa1 60. Qf1 1/2-1/2

[Event "Interzonal-16"]
[Site "Biel"]
[Date "1993.??.??"]
[Round "3"]
[White "Nalbandian, Tigran"]
[Black "Hamdouchi, Hicham"]
[Result "1-0"]
[WhiteElo "2485"]
[BlackElo "2455"]
[Annotator "Horn,Pe"]
[PlyCount "119"]
[EventDate "1993.07.16"]
[EventType "swiss"]
[EventRounds "13"]
[EventCountry "SUI"]
[SourceTitle "CBM 037"]
[Source "ChessBase"]
[SourceDate "1993.12.01"]
[SourceVersion "1"]
[SourceVersionDate "1993.12.01"]
[SourceQuality "1"]

1. Nf3 Nf6 2. g3 d5 3. Bg2 g6 4. O-O Bg7 5. d3 O-O 6. Nbd2 Nc6 7. h3 $6 (7. e4
e5 8. c3 a5 9. exd5 Nxd5 10. a4 h6 11. Nc4 $13) 7... e5 8. e4 Re8 9. a4 h6 10.
exd5 $6 Nxd5 11. c3 Be6 12. Re1 (12. Nc4 e4 13. dxe4 Nxc3) 12... Qd7 13. Kh2
Rad8 14. Ne4 {/\ Bxh6} Qe7 (14... f5 15. Nc5) 15. a5 (15. d4 exd4 16. Nxd4 Nxd4
17. cxd4 Nb4 $17) 15... f5 16. Ned2 a6 17. Ra4 $6 (17. Qc2) 17... Nf6 18. Qc2 (
18. Qe2) 18... Qf7 19. Kg1 (19. Nxe5 $2 Nxe5 20. Rxe5 Ng4+) (19. Nc4 $2 e4 $1)
19... e4 $1 $17 20. dxe4 Nxe4 21. Raxe4 $2 (21. Nxe4 $2 Bb3) (21. Ra1 Nxd2 22.
Bxd2 Bb3 23. Qc1 Rxe1+ 24. Nxe1) 21... fxe4 22. Nxe4 Bb3 23. Qb1 Re7 (23...
Nxa5 $19) 24. Bf4 Rde8 (24... Red7 $5 $17) (24... g5 $17) 25. Nfd2 Bd5 26. Re3
Ne5 $6 (26... Nxa5 $1 $17) 27. b3 Bc6 28. Qc2 Rd8 (28... g5 $1 29. Bxe5 Rxe5
$17) 29. h4 Kh8 30. Bxe5 $2 Rxe5 31. f4 Re7 (31... Rxa5 $1 $17) 32. h5 $1 gxh5
33. Nf3 Qd5 $6 (33... Bxe4 34. Rxe4 Rxe4 35. Qxe4 Qxb3) 34. Nh4 Qd1+ 35. Qxd1
Rxd1+ 36. Kh2 Kg8 37. f5 Bxe4 38. Bxe4 Kf7 39. Ng6 Re8 40. Nf4 Red8 $4 (40...
c6 41. Ne6 Bf6) 41. Bxb7 R8d6 42. Kh3 Bf6 $2 43. Bf3 $18 Ra1 44. Bxh5+ Kg7 45.
Bg6 h5 (45... Rxa5 46. Nh5+ Kg8 47. Re8#) (45... Rd8 46. Ne6+ $18) 46. Nxh5+
Kh6 47. Nxf6 Rxf6 48. Re4 Rc6 49. Kg4 Rxa5 50. Re7 Rxg6+ 51. fxg6 Rc5 52. c4 a5
(52... Kxg6 53. Re6+ Kg7 54. Rxa6 $18) 53. Kf4 a4 54. b4 Rc6 55. b5 Rc5 56. Ke4
a3 57. g7 Rxc4+ 58. Kd5 Rg4 59. Rxc7 Rg5+ 60. Kc4 1-0

[Event "OHRA-B"]
[Site "Amsterdam"]
[Date "1990.??.??"]
[Round "6"]
[White "Dorfman, Josif D"]
[Black "Kuijf, Marinus"]
[Result "1/2-1/2"]
[WhiteElo "2580"]
[BlackElo "2445"]
[Annotator "Horn,Pe"]
[PlyCount "98"]
[EventDate "1990.07.??"]
[EventType "swiss"]
[EventRounds "9"]
[EventCountry "NED"]
[SourceTitle "CBM 020"]
[Source "ChessBase"]
[SourceDate "1991.02.01"]
[SourceVersion "1"]
[SourceVersionDate "1991.02.01"]
[SourceQuality "1"]

1. g3 d5 2. Bg2 c6 3. d3 Bg4 4. Nd2 Nd7 5. h3 Bh5 6. Ngf3 e6 7. e4 Bd6 8. Qe2
Ne7 {Diesen Aufbau spielt Kuijf gerne (->CBM19).} 9. b3 Be5 $5 {Dieses Manöver
wurde in einer ähnlichen Stellung in Portisch-Ivkov, Amsterdam 1969
vorgeschlagen. Weiß kann es vermeiden, wenn er das Fianchetto des Bc1 vor
e2-e4 durchführt.} 10. Rb1 Bc3 {die Pointe von 9...Be5} 11. O-O O-O 12. Qe3 {
/\ d4} (12. Bb2 $2 Bxb2 $15) 12... b5 (12... e5 $5) 13. a3 (13. d4 b4) (13. b4
$2 a5 14. a3 axb4 15. axb4 Ra4) 13... a5 14. Nd4 {/\ Ne2} e5 15. Qg5 (15. Ne2
$4 d4) 15... Bg6 (15... Bxd4 16. Qxh5 $13 {/\ Nf3}) 16. Ne2 f6 17. Qh4 Bxd2 18.
Bxd2 d4 (18... dxe4 19. dxe4 Nc5 20. Be3 $14) 19. f4 $14 c5 20. g4 c4 21. f5
Bf7 22. g5 (22. bxc4 bxc4 23. g5) 22... cxd3 23. cxd3 Rc8 24. Rb2 Qb6 25. Kh1
Rc7 26. gxf6 Nxf6 27. Qg3 Nc6 28. Bf3 {/\ Rg1} Kh8 29. Rg1 Bg8 30. b4 a4 31.
Rc2 Bb3 32. Rxc6 $5 (32. Rc5 $14) 32... Qxc6 33. Qxe5 $146 Re8 34. Qg3 {/\ Rc1}
(34. Qxd4 Rd7 35. Qe3 Qd6 $1 (35... Nd5 36. exd5) 36. Nf4 (36. d4 $2 Nxe4 37.
Bxe4 Rxe4) 36... Bc2) 34... Rd7 35. Rc1 Qb7 (35... Qd6 36. Bf4) 36. Rc5 Rc8 37.
Kh2 (37. e5 Nd5 38. Nxd4) 37... Rxc5 38. bxc5 Qc7 39. Bb4 (39. Qxc7 $2 Rxc7 40.
Bb4 Nd7) 39... Qc8 (39... Qxg3+ $2 40. Kxg3 Bc2 (40... Rc7 41. Nxd4) 41. c6 Rc7
42. e5) 40. Qe5 {/\ Nxd4} (40. Nf4 $5 {/\ e5}) 40... Bd1 41. Ng1 Bb3 42. Ne2
Bd1 43. Kg2 Bxe2 44. Bxe2 Qc7 45. Qe6 Rd8 (45... Qf4 46. e5) 46. c6 Qf4 47. Bf3
Qg5+ 48. Kh2 Qf4+ 49. Kg2 Qg5+ 1/2-1/2

[Event "Hoogovens op"]
[Site "Wijk aan Zee"]
[Date "1993.01.??"]
[Round "12"]
[White "Hodgson, Julian M"]
[Black "Van der Wiel, John"]
[Result "0-1"]
[WhiteElo "2565"]
[BlackElo "2555"]
[Annotator "Horn,Pe"]
[PlyCount "110"]
[EventDate "1993.01.??"]
[EventType "swiss"]
[EventRounds "12"]
[EventCountry "NED"]
[SourceTitle "CBM 034"]
[Source "ChessBase"]
[SourceDate "1993.06.01"]
[SourceVersion "1"]
[SourceVersionDate "1993.06.01"]
[SourceQuality "1"]

1. Nf3 Nf6 2. g3 d5 3. Bg2 c6 4. O-O Bg4 5. d3 Nbd7 6. Nbd2 e6 7. h3 Bh5 8. e4
Qc7 (8... Be7 9. Qe2 O-O 10. g4 Bg6 (10... dxe4 11. dxe4 (11. gxh5 exf3) 11...
Bg6 12. Rd1 (12. Nh4 $2 Bxe4 $1) 12... Qc7 13. Nh4 Rad8 14. Nxg6 hxg6 15. Nf3
e5 $15 {Damljanovic-Geller, Vrsac 1987}) 11. Nh4 (11. e5 $6 Ne8 12. Nh2 Qb6 $15
{Savon-Vasiukov, Erevan 1976}) 11... dxe4 12. Nxg6 (12. dxe4 Bxe4 $1 $19) 12...
hxg6 13. Nxe4 Qc7 (13... Nxe4 14. Qxe4 e5 {Roizman-Uhlmann, URS 1966} 15. d4
$14) 14. f4 Nc5 $10 {Mäser-Salazar, Zürich 1986}) 9. Qe2 (9. Qe1) 9... dxe4 10.
dxe4 Ne5 (10... Be7 11. g4 Bg6 12. Nh4 O-O (12... Bxe4 $2 13. Nxe4 Nxe4 14.
Qxe4 Bxh4 15. g5 $18) 13. f4 Bxe4 $2 14. Nxe4 Nxe4 15. Bxe4 Bxh4 16. g5) 11.
Qe3 (11. g4 Nxf3+ 12. Nxf3 Bg6 13. Nh4 Be7 14. f4 $2 Bxe4 15. Bxe4 Nxe4 16.
Qxe4 Bxh4 17. g5 h6) 11... Nxf3+ 12. Nxf3 Qb6 (12... Bxf3 13. Bxf3 $14) 13. Ne5
Qc5 (13... Bc5 14. Qf4 $14) 14. Qxc5 Bxc5 15. Re1 (15. Nd3 Bb6 16. Nf4 $14 {
B-Paar}) 15... Nd7 (15... O-O $4 16. g4 Bg6 17. g5 Nh5 18. Nd7 $18) (15...
O-O-O $5) 16. Nd3 Bb6 17. a4 a5 18. Nf4 Bg6 19. h4 e5 20. Nxg6 fxg6 21. Ra3 $2
(21. Be3 Bxe3 22. Rxe3 {/\ Bf1-c4+/=}) 21... Rf8 22. Re2 $6 (22. Be3) 22... Nc5
23. Ra1 (23. Be3 O-O-O 24. Ra1 Kc7) 23... Ne6 24. Be3 (24. c3 $2 O-O-O 25. Be3
Bxe3 26. Rxe3 Rd2 $19) 24... Bxe3 25. Rxe3 Rd8 26. Bf1 Nc5 (26... Rd2 27. Re2
Rxe2 28. Bxe2 Nc5 29. f3 Ke7 30. b3 Rd8 31. Kf2) 27. Rc3 b6 28. Rc4 Rd2 $2 (
28... Rd4) 29. b4 axb4 30. a5 b3 31. axb6 Rxc2 32. Rxc5 $1 b2 (32... Rxc5 33.
Ra8+ Ke7 34. Rxf8 b2 35. b7 b1=Q 36. b8=Q $18) 33. Rxe5+ (33. Ra8+ Ke7 34. Rxf8
Kxf8 (34... b1=Q 35. Rxc2 Kxf8 {-> 34...Kf8}) 35. Rxc2 b1=Q 36. Rxc6 $16) 33...
Kd7 34. Rb1 (34. Rd1+ Kc8 35. Ba6+ Kb8 36. Re7 Rc1 37. Rb7+ Ka8 38. Ra7+ Kb8
39. Rb7+ $10) 34... Rfxf2 (34... Rb8 $2 35. Rd1+ Kc8 36. Ba6+ Rb7 37. Re8#) 35.
Bh3+ (35. Rd1+ Rfd2) 35... Kd6 36. Re8 (36. Ra5 $1 $18 {Van der Wiel}) 36...
Rf7 37. Rd8+ Kc5 38. Rdd1 Kxb6 39. Rf1 Rxf1+ 40. Bxf1 Kc5 41. e5 Kd5 42. e6
Kxe6 43. Bd3 Rd2 44. Re1+ Kd5 45. Be4+ Kd4 46. h5 gxh5 47. Bxh7 c5 48. Re4+ Kc3
49. Re3+ Kc4 50. Re4+ Rd4 51. Re7 g6 $1 52. Bxg6 Rd3 $1 53. Bf7+ (53. Bxd3+
Kxd3 54. Rb7 Kc2 $19) 53... Kc3 54. Ba2 Rd1+ 55. Kf2 Ra1 0-1